000 01031nam a2200265Ia 4500
003 OSt
005 20220923211529.0
006 a|||||r|||| 00| 0
007 ta
008 220922b |||||||| |||| 00| 0 hin d
020 _a9789381582183 (hbk)
_c990
024 _a275,519
037 _b212, 23/09/2013, Swaraj Prakashan
_cTextual
040 _aARTS
_cARTS
_bhin
041 _2hin
_ahin
082 _aO152,6M852x, Q2
100 _aकॅंवल भारती, संपा.
_9156274
245 0 _aचन्द्रिका प्रसाद जिज्ञासु रचना संचयन
246 _aChandrikā prasād jijnyāsu rachanā sanchayana
260 _aनई दिल्ली
_b स्वराज प्रकाशन
_c2012
300 _a260पृ.
_ccm.
650 _aहिन्दी साहित्य
_9156264
942 _hO152,6M852x, Q2
_cTEXL
_2CC
999 _c300488
_d300488